Detalles MARC
| 000 -LIDER |
| fixed length control field |
01297ngm a22003973 4500 |
| 001 - NÚMERO DE CONTROL |
| Identificador de número de control |
3810 |
| 003 - IDENTIFICACDOR DE NÚMERO DE CONTROL |
| control field |
DO-SdBPM |
| 005 - DATE AND TIME OF LATEST TRANSACTION |
| control field |
20250808134638.0 |
| 007 - CAMPOS FIJOS DE DESCRIPCIÓN FÍSICA |
| fixed length control field |
ta |
| 008 - ELEMENTOS DE LONGITUD FIJA |
| fixed length control field |
13826 s1992 sp 150 g || vlmul |
| 016 7# - NO. DE CONTROL DE LA AGENCIA BIB. NACIONAL |
| Record control number |
|
| 017 ## - NÚMERO DE REGISTRO DE DERECHOS DE AUTOR |
| Copyright or legal deposit number |
|
| Assigning agency |
|
| 020 ## - ISBN |
| International Standard Book Number |
8432303135 (v.34) |
| 035 ## - NÚMERO LOCAL |
| System control number |
|
| 040 ## - FUENTE DE CATALOGACIÓN |
| Agencia que crea de manera original el registro |
DO-SdBPM |
| Idioma de catalogación |
spa |
| Agencia que realiza la transcripción |
BPMSU |
| Convenciones de la despripción |
rda |
| 082 #4 - NÚMERO DE CLASIFICACIÓN DECIMAL DE DEWEY |
| Classification number |
940.5 |
| Item number |
P238s 1993 |
| Edition number |
22 |
| 100 1# - ASIENTO PRINCIPAL -- NOMBRE PERSONAL |
| Nombre personal |
Clarke Parker, Robert Alexander |
| Fechas asociadas con el nombre |
1927- 2001 |
| 245 10 - MENCIÓN DE TITULO |
| Título |
El siglo XX / |
| Mención de responsabilidad |
R. A. C. Parker ; compiladores Wolfgang Benz y Hermann Graml ; traducción de Marisa Delgado. |
| Número de la parte o sección de una obra |
|
| Nombre de la parte o sección de una obra |
|
| 250 ## - MENCIÓN DE EDICION |
| Mención de edición |
16a edición, |
| 264 ## - PRODUCTION, PUBLICATION, DISTRIBUTION, MANUFACTURE, AND COPYRIGHT NOTICE |
| Place of production, publication, distribution, manufacture |
Barcelona : |
| Name of producer, publisher, distributor, manufacturer |
Siglo XXI Editores, |
| Date of production, publication, distribution, manufacture, or copyright notice |
1993 |
| 300 ## - DESCRIPCIÓN FÍSICA |
| Extensión |
v. ; |
| Dimensiones |
20 cm. |
| Otros detalles físicos |
|
| 336 ## - CONTENT TYPE |
| Content type term |
texto |
| Content type code |
txt |
| Source |
rdacontent |
| 337 ## - MEDIA TYPE |
| Media type term |
sin mediación |
| Media type code |
n |
| Source |
rdamedia |
| 338 ## - CARRIER TYPE |
| Carrier type term |
volumen |
| Carrier type code |
nc |
| Source |
rdacarrier |
| 490 0# - MENCIÓN DE SERIES |
| Mención de serie |
Historia universal. |
| -- |
Siglo veintiuno ; |
| Volume/sequential designation |
34 |
| 534 ## - NOTA SOBRE LA VERSIÓN ORIGINAL |
| Frase introductoria |
Título original. |
| Mención del título original |
Das zwanzigste jahrhundert. |
| 590 ## - NOTA LOCAL |
| Texto de la nota local |
Inventariado, 2025/VM |
| 650 #7 - ENCABEZAMIENTO DE MATERIA--TEMÁTICO |
| Fuente del encabezamiento o término |
Política internacional |
| Subdivisión temática general |
Historia |
| Subdivisión cronológica |
Siglo XX. |
| 651 #7 - ENCABEZAMIENTO DE MATERIA--NOMBRE GEOGRÁFICO |
| Nombre geográfico |
Europa |
| Subdivisión temática general |
Historia |
| Subdivisión cronológica |
1918-1945. |
| 651 #7 - ENCABEZAMIENTO DE MATERIA--NOMBRE GEOGRÁFICO |
| Nombre geográfico |
Europa |
| Subdivisión temática general |
Historia |
| Subdivisión cronológica |
1945-1982. |
| 700 1# - ASIENTO SECUNDARIO -- NOMBRE PERSONAL |
| Nombre personal |
Maestre, Joaquín |
| Mención de responsabilidad |
traductor |
| Término de relación |
|
| 777 1# - ISSUED WITH ENTRY |
| Title |
|
| Physical description |
|
| Record control number |
|
| 910 ## - VALIDACIÓN |
| Validación |
VMateo V. Control de calidad. BPMSU |
| 942 ## - ADDED ENTRY ELEMENTS (KOHA) |
| Source of classification or shelving scheme |
Dewey Decimal Classification |
| Koha item type |
Libros |